00658nam a2200205Ia 4500003000900000008004100009040003300050041000800083080001700091100001900108245006700127246003900194260004200233300001400275650001400289650002600303942000700329952009700336999001900433LK-CoDNM010623t2000 xxu||||| |||| 00| 1 sin d aLK-CoDNMdLK-CoDNMeLK-CoDNM asin a(x) 929bPIY aPiyasena, K.H. aදැටය දිවි කැප කළ සුමන වත aDeyata divi kepa kala Sumana watha bAnagarika Dharmapala foundationc2000 b88, 22 cm aBiography aJayantha Sumanasekara cBK 001040708MONOaMAINbMAINd2023-08-02l0o(x) 929 PIYpP26294r2023-08-02w2023-08-02yBK c120393d120393